Fiumi europei - Statistics

Statistiche generali
  • Questo quiz è stato fatto 148 volte
  • Il punteggio medio è 6 su 21
Statistiche sulle risposte
Lunghezza (km) Risposta % Corretto
2858 danubio
98%
3531 volga
86%
1320 reno
83%
1020 loira
57%
1870 don
49%
1165 elba
42%
1007 tago
39%
1047 vistola
38%
2201 dnepr
34%
2428 ural
30%
1370 dnestr
20%
1809 pecora
11%
1053 donec
5%
1020 dvina occidentale
4%
1302 dvina settentrionale
4%
1805 kama
4%
1480 oka
4%
1430 belaja
2%
1130 desna
2%
1314 vjatka
2%
1130 vycegda
2%
Nessun quiz corrispondente trovato
Distribuzione punteggi
Percentuale di utenti per punteggio
Percentile per numero di risposta
I tuoi punteggi nel tempo
Non hai fatto questo quiz